000 00408nam a22001697a 4500
003 MPLRDC
005 20220104113814.0
008 210129b ||||| |||| 00| 0 eng d
082 _a910.8 SYQ v.9
100 _a邵义强 编译
245 _a200世界名歌剧 9
_c
250 _a初版
260 _a台湾
_b天同出版社
_c1988
300 _b467
650 _a音乐丛书
942 _cBK
_o910.8 SYQ v.9
999 _c2497
_d2487